[Event "Titled Tuesday intern op 11th Jan"]
[Site "Chess.com INT"]
[Date "2022.01.11"]
[Round "5"]
[White "Sipila, Vilka"]
[Black "Filipets, Egor"]
[Result "1-0"]
[WhiteElo "2409"]
[BlackElo "2353"]
[PlyCount "89"]
[EventDate "2022.01.11"]
[EventType "swiss (blitz)"]
[EventRounds "11"]
[EventCountry "USA"]
[SourceTitle "CBM 206 Extra"]
[Source "ChessBase"]
[SourceDate "2022.03.31"]
[SourceVersion "1"]
[SourceVersionDate "2022.03.31"]
[SourceQuality "1"]

1. e4 c5 2. Nf3 g6 3. d4 cxd4 4. Nxd4 Bg7 5. c4 Nc6 6. Be3 Nf6 7. Nc3 Ng4 8. Qxg4 Bxd4 9. Bxd4 Nxd4 10. 0-0-0 e5 11. h4 d6 12. Qg3 h5 13. f4 Bg4 14. Rd2 Qa5 15. fxe5 Qxe5 16. Qe3 Nf5 17. Qf2 Ng3 18. Rg1 Nxf1 19. Rxf1 Be6 20. Nd5 Rc8 21. b3 Qa1+ 22. Kc2 Qxa2+ 23. Kc3 Qa5+ 24. Kb2 0-0 25. Ne7+ Kh7 26. Nxc8 Rxc8 27. Ra1 Qe5+ 28. Qd4 a6 29. Qxe5 dxe5 30. Rd6 g5 31. hxg5 Kg6 32. Ra5 Kxg5 33. Rxe5+ Kf4 34. Rxh5 Kxe4 35. Rb6 Rc7 36. Kc3 Bc8 37. Kb4 f5 38. g3 Rg7 39. Rh8 Rc7 40. Rg8 Kf3 41. Rf6 Ke3 42. Ka5 Kd3 43. Kb6 Rc6+ 44. Rxc6 bxc6 45. Rxc8 1-0

[Event "St Petersburg Northwest Cup-B"]
[Site "St Petersburg"]
[Date "2019.12.14"]
[Round "6"]
[White "Filipets, Egor"]
[Black "Vlasenko, Miroslav"]
[Result "1-0"]
[WhiteElo "2329"]
[BlackElo "2433"]
[PlyCount "101"]
[EventDate "2019.12.09"]
[EventType "tourn"]
[EventRounds "9"]
[EventCountry "RUS"]
[EventCategory "4"]
[SourceTitle "CBM 193 Extra"]
[Source "ChessBase"]
[SourceDate "2020.01.31"]
[SourceVersion "1"]
[SourceVersionDate "2020.01.31"]
[SourceQuality "1"]

1. e4 c6 2. d4 d5 3. Nc3 dxe4 4. Nxe4 Nf6 5. Nxf6+ gxf6 6. Bc4 Bf5 7. Ne2 Nd7 8. Ng3 Bg6 9. c3 h5 10. h4 Qc7 11. Be2 0-0-0 12. Bxh5 Bxh5 13. Nxh5 e5 14. Ng3 exd4 15. cxd4 Bd6 16. Ne2 Qa5+ 17. Kf1 Qf5 18. Qb3 Rde8 19. Bd2 Re4 20. Qd3 Qd5 21. h5 Ne5 22. Qh3+ Kb8 23. Qf5 Re8 24. Be3 Rg8 25. Rg1 Ng4 26. Qxd5 cxd5 27. Nc3 Nxe3+ 28. fxe3 Rxe3 29. Re1 Rd3 30. Rd1 Rdg3 31. h6 R3g5 32. Rd3 Rh5 33. Rh3 Rf5+ 34. Ke2 Rh8 35. h7 Rg5 36. Kf3 Kc7 37. Rgh1 Kd7 38. Rh5 Ke6 39. Re1+ Kf5 40. Reh1 Kg6 41. Rh6+ Kg7 42. g4 Bb4 43. Kf4 Bd6+ 44. Kf3 Bb4 45. R6h5 Bxc3 46. bxc3 b5 47. Kf4 Rxh5 48. Rxh5 Rxh7 49. Kf5 Rxh5+ 50. gxh5 a5 51. a3 1-0

[Event "European Corporate 2nd"]
[Site "Minsk"]
[Date "2019.08.31"]
[Round "8.3"]
[White "Filipets, Egor"]
[Black "Yezhel, Valiantsin"]
[Result "0-1"]
[WhiteElo "2303"]
[BlackElo "2226"]
[PlyCount "110"]
[EventDate "2019.08.30"]
[EventType "team-swiss"]
[EventRounds "9"]
[EventCountry "BLR"]
[SourceTitle "EXT 2020"]
[Source "ChessBase"]
[SourceDate "2019.10.17"]
[SourceVersion "1"]
[SourceVersionDate "2019.10.17"]
[SourceQuality "1"]
[WhiteTeam "Naftan"]
[BlackTeam "Evroopt"]
[WhiteTeamCountry "BLR"]
[BlackTeamCountry "BLR"]

1. c4 c6 2. g3 d5 3. Bg2 Nf6 4. Nf3 g6 5. b3 Bg7 6. Bb2 0-0 7. 0-0 a5 8. d4 Bf5 9. Nc3 Ne4 10. Rc1 Nxc3 11. Bxc3 Be4 12. Nd2 Bxg2 13. Kxg2 f5 14. f3 e6 15. e3 Nd7 16. Qe2 a4 17. e4 axb3 18. axb3 Nf6 19. Bb4 Rf7 20. e5 Nd7 21. Ra1 Bf8 22. Bxf8 Rxf8 23. cxd5 cxd5 24. Qb5 Rxa1 25. Rxa1 Qc7 26. Qd3 Rc8 27. Kf2 Nb8 28. b4 Nd7 29. h4 Nb6 30. Ra5 Qc1 31. Rc5 Rxc5 32. bxc5 Nc4 33. Nf1 b6 34. cxb6 Qb2+ 35. Kg1 Qxb6 36. Ne3 Qb4 37. Nc2 Qb1+ 38. Kf2 Qh1 39. Ne1 f4 40. Ng2 Nb2 41. Qf1 fxg3+ 42. Ke2 Qh3 43. Ne3 Qxh4 44. f4 Qh2+ 45. Kf3 Nc4 46. Nxc4 g2 47. Qxg2 Qxg2+ 48. Kxg2 dxc4 49. Kf3 h5 50. Ke4 Kf7 51. d5 exd5+ 52. Kxd5 c3 53. Kd6 Ke8 54. Ke6 c2 55. Kf6 c1Q 0-1

[Event "European Corporate 2nd"]
[Site "Minsk"]
[Date "2019.08.30"]
[Round "3.3"]
[White "Filipets, Egor"]
[Black "Vorobev, Alexander"]
[Result "1-0"]
[WhiteElo "2303"]
[BlackElo "2168"]
[PlyCount "63"]
[EventDate "2019.08.30"]
[EventType "team-swiss"]
[EventRounds "9"]
[EventCountry "BLR"]
[SourceTitle "EXT 2020"]
[Source "ChessBase"]
[SourceDate "2019.10.17"]
[SourceVersion "1"]
[SourceVersionDate "2019.10.17"]
[SourceQuality "1"]
[WhiteTeam "Naftan"]
[BlackTeam "Gazprom"]
[WhiteTeamCountry "BLR"]
[BlackTeamCountry "RUS"]

1. d4 Nf6 2. Bg5 d5 3. e3 h6 4. Bxf6 exf6 5. c4 Bb4+ 6. Nc3 0-0 7. Qb3 Bxc3+ 8. Qxc3 c6 9. cxd5 Qxd5 10. Nf3 Bg4 11. Bc4 Qh5 12. Be2 Qd5 13. h3 Bh5 14. 0-0 Nd7 15. Rfe1 Nb6 16. b3 Qd7 17. e4 Rad8 18. Rad1 Rfe8 19. Nh2 Bg6 20. Bf3 f5 21. e5 Nd5 22. Qd2 Qe7 23. Nf1 Qg5 24. Bxd5 Rxd5 25. f4 Qd8 26. Ne3 Bh5 27. g4 Bg6 28. Nxd5 Qxd5 29. Qg2 Qe6 30. d5 cxd5 31. Qxd5 Qb6+ 32. Qd4 1-0

[Event "European Corporate 2nd"]
[Site "Minsk"]
[Date "2019.08.30"]
[Round "2.1"]
[White "Lavrov, Maxim"]
[Black "Filipets, Egor"]
[Result "1/2-1/2"]
[WhiteElo "2401"]
[BlackElo "2303"]
[PlyCount "93"]
[EventDate "2019.08.30"]
[EventType "team-swiss"]
[EventRounds "9"]
[EventCountry "BLR"]
[SourceTitle "EXT 2020"]
[Source "ChessBase"]
[SourceDate "2019.10.17"]
[SourceVersion "1"]
[SourceVersionDate "2019.10.17"]
[SourceQuality "1"]
[WhiteTeam "Sberbank"]
[BlackTeam "Naftan"]
[WhiteTeamCountry "RUS"]
[BlackTeamCountry "BLR"]

1. e4 e6 2. d4 d5 3. e5 c5 4. c3 Qb6 5. Nf3 Nc6 6. a3 Nh6 7. b4 cxd4 8. cxd4 Nf5 9. Be3 f6 10. exf6 gxf6 11. Nc3 Bd7 12. Na4 Qd8 13. Nc5 Bxc5 14. bxc5 b6 15. cxb6 Qxb6 16. Be2 0-0 17. 0-0 Kh8 18. Rb1 Qc7 19. Bd3 Nce7 20. Qd2 Nxe3 21. fxe3 Rab8 22. Rbc1 Qd6 23. e4 dxe4 24. Bxe4 Bc6 25. Bb1 Bxf3 26. Rxf3 f5 27. Ba2 Rbd8 28. Rd3 Rf6 29. Re1 Rg8 30. Rde3 Nd5 31. Bxd5 Qxd5 32. Re5 Qd6 33. d5 exd5 34. Rxd5 Qb6+ 35. Kh1 Rfg6 36. Qc3+ Qf6 37. Qxf6+ Rxf6 38. Rd7 Ra6 39. Ree7 Rb8 40. Rxh7+ Kg8 41. Rdg7+ Kf8 42. Rf7+ Kg8 43. Rhg7+ Kh8 44. Rh7+ Kg8 45. Rfg7+ Kf8 46. Rf7+ Kg8 47. Rfg7+ 1/2-1/2

[Event "European Corporate 2nd"]
[Site "Minsk"]
[Date "2019.08.30"]
[Round "4.2"]
[White "Sulashvili, Malkhaz"]
[Black "Filipets, Egor"]
[Result "1-0"]
[WhiteElo "2381"]
[BlackElo "2303"]
[PlyCount "55"]
[EventDate "2019.08.30"]
[EventType "team-swiss"]
[EventRounds "9"]
[EventCountry "BLR"]
[SourceTitle "EXT 2020"]
[Source "ChessBase"]
[SourceDate "2019.10.17"]
[SourceVersion "1"]
[SourceVersionDate "2019.10.17"]
[SourceQuality "1"]
[WhiteTeam "Khareba"]
[BlackTeam "Naftan"]
[WhiteTeamCountry "GEO"]
[BlackTeamCountry "BLR"]

1. d4 f5 2. Nc3 d5 3. Bg5 g6 4. h4 Bg7 5. e3 Nf6 6. h5 Nxh5 7. Rxh5 gxh5 8. Qxh5+ Kf8 9. Bd3 c6 10. Nf3 Qe8 11. Qh2 e6 12. 0-0-0 Nd7 13. Qd6+ Kg8 14. g4 Nf8 15. Nh4 fxg4 16. Rg1 e5 17. Nf5 Bxf5 18. Bxf5 exd4 19. Rxg4 h5 20. Rg1 Rh7 21. Bf6 Kh8 22. Bxh7 Ne6 23. Bxg7+ Kxh7 24. Bxd4 Qf7 25. Qg3 Rf8 26. Ne2 Qf5 27. Nf4 Nxd4 28. Qg7# 1-0

[Event "Belgrade ChessAmateur op 5th"]
[Site "Belgrade"]
[Date "2019.01.10"]
[Round "9"]
[White "Filipets, Egor"]
[Black "Pecurica, Milos"]
[Result "1/2-1/2"]
[WhiteElo "2293"]
[BlackElo "2314"]
[PlyCount "50"]
[EventDate "2019.01.04"]
[EventType "swiss"]
[EventRounds "9"]
[EventCountry "SRB"]
[SourceTitle "CBM 188 Extra"]
[Source "ChessBase"]
[SourceDate "2019.02.26"]
[SourceVersion "1"]
[SourceVersionDate "2019.02.26"]
[SourceQuality "1"]

1. d4 d5 2. c4 c6 3. Nf3 Nf6 4. e3 Bf5 5. Nc3 e6 6. Nh4 Be4 7. f3 Bg6 8. Qb3 Qc7 9. Bd2 Nbd7 10. Rc1 Rc8 11. g3 Be7 12. cxd5 exd5 13. e4 dxe4 14. Nxg6 hxg6 15. fxe4 Qb6 16. e5 Ng4 17. Qxb6 Nxb6 18. Be2 Nh6 19. g4 Bh4+ 20. Kf1 Rd8 21. Be3 f6 22. Kg2 Nf7 23. e6 Ng5 24. Bd3 Nxe6 25. Bxg6+ Ke7 1/2-1/2

[Event "Belgrade ChessAmateur op 5th"]
[Site "Belgrade"]
[Date "2019.01.08"]
[Round "7"]
[White "Filipets, Egor"]
[Black "Tadic, Stefan"]
[Result "1-0"]
[WhiteElo "2293"]
[BlackElo "2163"]
[PlyCount "79"]
[EventDate "2019.01.04"]
[EventType "swiss"]
[EventRounds "9"]
[EventCountry "SRB"]
[SourceTitle "CBM 188 Extra"]
[Source "ChessBase"]
[SourceDate "2019.02.26"]
[SourceVersion "1"]
[SourceVersionDate "2019.02.26"]
[SourceQuality "1"]

1. d4 Nf6 2. Bf4 d5 3. e3 c5 4. c3 Nc6 5. Nd2 cxd4 6. exd4 Bf5 7. Ngf3 e6 8. Qb3 Qb6 9. Qxb6 axb6 10. Nh4 Bc2 11. Rc1 Bg6 12. a3 Be7 13. h3 0-0 14. Be2 Be4 15. Nhf3 Rfc8 16. 0-0 h6 17. Ne5 Bh7 18. g4 Na5 19. Kg2 Ne4 20. Rce1 Bh4 21. Bf3 Nxd2 22. Bxd2 f6 23. Nd7 Rc6 24. Bf4 Bd3 25. Rg1 Kf7 26. Re3 Bb5 27. a4 Bxa4 28. Ra1 Nc4 29. Re2 Rcc8 30. Nb8 Ra5 31. b4 Ra8 32. Rae1 Re8 33. Rxe6 Rxe6 34. Bxd5 Bb5 35. Bxe6+ Kf8 36. Bxc4 Bxc4 37. Nd7+ Kf7 38. Nxb6 Ra2 39. Bg3 Bxg3 40. Kxg3 1-0

[Event "Belgrade ChessAmateur op 5th"]
[Site "Belgrade"]
[Date "2019.01.04"]
[Round "1"]
[White "Filipets, Egor"]
[Black "Zivkovic, Momcilo"]
[Result "1-0"]
[WhiteElo "2293"]
[BlackElo "2059"]
[PlyCount "85"]
[EventDate "2019.01.04"]
[EventType "swiss"]
[EventRounds "9"]
[EventCountry "SRB"]
[SourceTitle "CBM 188 Extra"]
[Source "ChessBase"]
[SourceDate "2019.02.26"]
[SourceVersion "1"]
[SourceVersionDate "2019.02.26"]
[SourceQuality "1"]

1. c4 Nf6 2. Nf3 c5 3. g3 g6 4. Bg2 Bg7 5. 0-0 d5 6. d4 dxc4 7. Qa4+ Nbd7 8. dxc5 0-0 9. Qxc4 Qc7 10. Be3 Ne8 11. Nc3 Nd6 12. Qa4 Ne8 13. Qb4 a5 14. Qa3 Ra6 15. Rac1 Qb8 16. Nd5 e6 17. Ne7+ Kh8 18. Nd4 Ne5 19. c6 Nxc6 20. Ndxc6 bxc6 21. Nxc6 Qxb2 22. Qxf8+ Bxf8 23. Bd4+ Qxd4 24. Nxd4 Bd7 25. Bc6 Bxc6 26. Rxc6 Ra8 27. Rfc1 Nd6 28. a4 Rb8 29. Nb5 Nxb5 30. Rc8 Rxc8 31. Rxc8 Nc3 32. Rxc3 h5 33. Kf1 Kg7 34. e3 g5 35. Ke2 Kg6 36. Rc8 Bb4 37. Rb8 Bd6 38. Rg8+ Kh6 39. Kd3 Bb4 40. h3 Be1 41. f4 gxf4 42. gxf4 Kh7 43. Rg1 1-0